| 000 | 00361 a2200109 4500 | ||
|---|---|---|---|
| 001 | ART_40919 | ||
| 005 | 20260410161805.0 | ||
| 008 | 260409a | ||
| 245 | 1 | 0 | _aEl ejercicio de los derechos del accionista en ocasión de su muerte |
| 100 | 1 | _aBarreiro, Marcelo G. | |
| 773 | 0 |
_tDoctrina Societaria y Concursal _g- Nº 349 (dic. 2016) _wREV4298 |
|
| 999 |
_c20923 _d20923 |
||